000 00887nam a2200253Ia 4500
003 OSt
005 20220923222626.0
006 a|||||r|||| 00| 0
007 ta
008 220922b |||||||| |||| 00| 0 hin d
024 _a206,569
037 _cTextual
040 _aARTS
_cARTS
_bhin
041 _2hin
_ahin
082 _aO152,6:g, N3
100 _aयायाबर, भारत, संपा.
245 0 _aहिन्दी की अनस्थिरता
_b एक ऐतिहासिक बहस
246 _aHindī kī anasthiratā: ek aitihāsik bahasa
260 _aनई दिल्ली
_b वाणी प्रका0
_c1993
300 _a155पृ.
_ccm.
650 _aहिन्दी साहित्य
_9156264
942 _hO152,6:g, N3
_cTEXL
_2CC
999 _c357211
_d357211